La ayuda externa de los países desarrollados: un estudio comparativo /

sin resumen

সংরক্ষণ করুন:
গ্রন্থ-পঞ্জীর বিবরন
প্রধান লেখক: Marshall, Jorge
অন্যান্য লেখক: Durán, Esperanza, Pollock, David, Lavergne, Réal P.
বিন্যাস: পাঠ‍্য
ভাষা:Spanish
প্রকাশিত: Buenos Aires : Grupo Editor Latinoamericano, 1989
মালা:Colección Estudios Internacionales
ট্যাগগুলো: ট্যাগ যুক্ত করুন
কোনো ট্যাগ নেই, প্রথমজন হিসাবে ট্যাগ করুন!

MARC

LEADER 00000 a a2200000 04500
003 cru IIS
005 20220614152656.0
008 201104b ||||| |||| 00| 0 spa d
020 |a 9506940460 
040 |c cru IIS 
090 |a 01.01.01 M367a 
100 1 |a Marshall, Jorge   |9 9704 
245 1 3 |a La ayuda externa de los países desarrollados:  |b un estudio comparativo /  |c Jorge Marshall, Esperanza Durán, David Pollock, Réal P. Lavergne 
260 |a Buenos Aires :   |b Grupo Editor Latinoamericano,   |c 1989 
300 |a 270 p; v. 212.150  
440 0 |9 9513  |a Colección Estudios Internacionales 
520 |a sin resumen  
700 1 |a Durán, Esperanza   |9 9705 
700 1 |a Pollock, David   |9 9706 
700 1 |a Lavergne, Réal P.   |9 9707 
942 |2 ddc  |c LI 
999 |c 43477  |d 43477